Návrh regulátora rýchlosti a polohy elektrického pohonu

Uložené v:
Podrobná bibliografia
Hlavný autor: Sýkorka, Marek (Autor)
Ďalší autori: Dúbravský, Jozef (Vedúci práce)
Médium: Rukopis Kniha
Jazyk:Slovak
Vydavateľské údaje: Bratislava : STU v Bratislave FEI, 2024
Predmet:
On-line prístup:https://opac.crzp.sk/?fn=detailBiblioFormChildCH4FR&sid=DDCD2C6FBCAD481F294FC3B200E4&seo=CRZP-detail-kniha
Tagy: Pridať tag
Žiadne tagy, Buďte prvý, kto otaguje tento záznam!

MARC

LEADER 00000ntm a22000003a 4500
001 stuzp96463
003 SK-STU
005 20250331122447.0
007 ta
008 150427s2015----xo-----f-mn---000-0-slo-d
040 |a STU  |b slo 
041 0 |a slo 
044 |a xo 
100 1 |a Sýkorka, Marek  |u 031000  |4 aut  |U FEI Fakulta elektrotechniky a informatiky  |T FEI Ústav robotiky a kybernetiky  |X 115025  |U E011  |Y 356  |7 115025 
242 0 1 |a Design of Speed and Position Controller of an Electric Drive  |y eng 
245 1 0 |a Návrh regulátora rýchlosti a polohy elektrického pohonu 
260 |a Bratislava :  |b STU v Bratislave FEI,  |c 2024 
300 |a 104 s. 
650 4 |a Asynchrónny motor  |2 slo 
650 4 |a Identifikácia parametrov  |2 slo 
650 4 |a Riadenie motorov  |2 slo 
650 4 |a Simulink  |2 slo 
650 4 |a Simulácia  |2 slo 
650 4 |a Matlab  |2 slo 
650 4 |a Regulátor rýchlosti  |2 slo 
650 4 |a Asynchronous motor  |2 eng 
650 4 |a Motor control  |2 eng 
650 4 |a Speed controller  |2 eng 
650 4 |a Parameter identification  |2 eng 
650 4 |a Simulink  |2 eng 
650 4 |a Matlab  |2 eng 
650 4 |a Simulation  |2 eng 
700 1 |a Dúbravský, Jozef  |u 031000  |k Z8  |4 ths  |U FEI Fakulta elektrotechniky a informatiky  |T FEI Ústav robotiky a kybernetiky  |X 4934  |U E011  |Y 356  |7 A000004934 
856 4 |u https://opac.crzp.sk/?fn=detailBiblioFormChildCH4FR&sid=DDCD2C6FBCAD481F294FC3B200E4&seo=CRZP-detail-kniha